00451nam a2200145Ia 4500008004100000041001200041082001100053100002100064245004300085260000600128650000600134942000700140999001700147952014100164221030s9999 xx 000 0 und d aEnglish a105.23 aS. Radhakrishnan 4aThe Bhagavad Gitacby S. Radhakrishnan c0 aB cBK c12888d12888 pB 3773l0o105.23 r2022-10-30 00:00:00w2022-10-30yBK003Print4070aMIETLIBbMIETLIBcBL-, FL-, CUP-0, SH-0, R-0d2012-06-1410HBE